<?xml version="1.0" encoding="UTF-8"?>
<record
    xmlns:xsi="http://www.w3.org/2001/XMLSchema-instance"
    xsi:schemaLocation="http://www.loc.gov/MARC21/slim http://www.loc.gov/standards/marcxml/schema/MARC21slim.xsd"
    xmlns="http://www.loc.gov/MARC21/slim">

  <leader>01381nam a2200277 u 4500</leader>
  <controlfield tag="001">651069</controlfield>
  <controlfield tag="003">OSt</controlfield>
  <controlfield tag="005">20260506090435.0</controlfield>
  <controlfield tag="008">010308s2000                        spa  </controlfield>
  <datafield tag="020" ind1=" " ind2=" ">
    <subfield code="a">8427025440</subfield>
  </datafield>
  <datafield tag="035" ind1=" " ind2=" ">
    <subfield code="a">651069</subfield>
  </datafield>
  <datafield tag="035" ind1=" " ind2=" ">
    <subfield code="a">(OCoLC)433223309</subfield>
  </datafield>
  <datafield tag="040" ind1=" " ind2=" ">
    <subfield code="c">comduadb</subfield>
  </datafield>
  <datafield tag="041" ind1=" " ind2=" ">
    <subfield code="a">spa</subfield>
  </datafield>
  <datafield tag="082" ind1=" " ind2="4">
    <subfield code="a">155</subfield>
  </datafield>
  <datafield tag="100" ind1="1" ind2="0">
    <subfield code="a">Alvarez Solis, Antonio</subfield>
    <subfield code="4">aut</subfield>
    <subfield code="e">aut</subfield>
    <subfield code="9">336039</subfield>
  </datafield>
  <datafield tag="245" ind1="1" ind2="0">
    <subfield code="a">J&#xF3;venes de coraz&#xF3;n : </subfield>
    <subfield code="b">la utilidad de la vejez</subfield>
  </datafield>
  <datafield tag="260" ind1=" " ind2=" ">
    <subfield code="a">Barcelona :</subfield>
    <subfield code="b">Ediciones Mart&#xED;nez Roca,</subfield>
    <subfield code="c">2000.</subfield>
  </datafield>
  <datafield tag="300" ind1=" " ind2=" ">
    <subfield code="a">172 p&#xE1;ginas.</subfield>
  </datafield>
  <datafield tag="505" ind1=" " ind2=" ">
    <subfield code="a">CONTENIDO : Prefacio testamentario. -- Una juventud inm&#xF3;vil. -- La inutilidad del viejo. -- Vejez y ancianidad. -- La tozudez del viejo. -- Un ser libre. -- La verbosidad del anciano. -- El lugar del anciano en el hogar. -- Hijos, nietos y otros objetos. -- Los l&#xED;mites de la salud. -- El placer amatorio. -- El arte de envejecer. -- El sentido de la amistad. -- El valor de los s&#xED;mbolos. -- Raz&#xF3;n e inteligencia. -- El cuidado del vestuario. -- Significado de la digesti&#xF3;n. -- La taca&#xF1;er&#xED;a del anciano. -- La religiosidad del viejo. -- Alcance de la muerte. -- Algunos consejos para ser feliz sin llegar a nada.</subfield>
  </datafield>
  <datafield tag="650" ind1=" " ind2="7">
    <subfield code="a">Vejez</subfield>
    <subfield code="2">lemb</subfield>
    <subfield code="9">547</subfield>
  </datafield>
  <datafield tag="650" ind1=" " ind2="7">
    <subfield code="a">Psicolog&#xED;a del anciano</subfield>
    <subfield code="2">lemb</subfield>
    <subfield code="9">190335</subfield>
  </datafield>
  <datafield tag="650" ind1=" " ind2="7">
    <subfield code="a">Bienestar social</subfield>
    <subfield code="2">lemb</subfield>
    <subfield code="9">12806</subfield>
  </datafield>
  <datafield tag="650" ind1=" " ind2=" ">
    <subfield code="a">Envejecimiento y salud</subfield>
    <subfield code="9">51822</subfield>
  </datafield>
  <datafield tag="942" ind1=" " ind2=" ">
    <subfield code="c">BOOK</subfield>
    <subfield code="2">ddc</subfield>
  </datafield>
  <datafield tag="999" ind1=" " ind2=" ">
    <subfield code="c">195995</subfield>
    <subfield code="d">195995</subfield>
  </datafield>
  <datafield tag="952" ind1=" " ind2=" ">
    <subfield code="0">0</subfield>
    <subfield code="1">0</subfield>
    <subfield code="4">0</subfield>
    <subfield code="7">0</subfield>
    <subfield code="8">GEN</subfield>
    <subfield code="a">BC</subfield>
    <subfield code="b">BC</subfield>
    <subfield code="d">2001-03-08</subfield>
    <subfield code="e">CIS (Corporacion Interuniversitaria de Servicios)</subfield>
    <subfield code="g">35900.00</subfield>
    <subfield code="i">C672679</subfield>
    <subfield code="l">0</subfield>
    <subfield code="o">155.67 A473</subfield>
    <subfield code="p">61000003894041</subfield>
    <subfield code="r">2023-04-23 00:00:00</subfield>
    <subfield code="t">1</subfield>
    <subfield code="w">2023-04-23</subfield>
    <subfield code="y">BOOK</subfield>
  </datafield>
</record>
